| 000 | 00765cam a2200241 i 4500 | ||
|---|---|---|---|
| 001 | 25135 | ||
| 003 | BD-RjUL | ||
| 005 | 20211209050833.0 | ||
| 008 | 140316s1974 bg af 000 0 eng | ||
| 035 | _a(BD-RjUL)25204 | ||
| 040 |
_aDLC _cDLC _dDLC _dBD-RjUL _beng |
||
| 041 | _aeng | ||
| 082 | 0 | 0 |
_a951 _bKHY |
| 100 | 2 |
_aObaidullah Khan, A. Z. M. _977338 |
|
| 245 | 1 | 4 |
_aThe yellow sand hills : _bChina through Chinese eyes / _cA. Z. M. Obaidullah Khan. |
| 260 |
_aComilla : _bBangladesh Academy for Rural Development, _c1974. |
||
| 300 |
_a6, 234 p., [2] leaves of plates : _bill. ; _c22 cm. |
||
| 650 | 0 |
_aCommunes (China) _911098 |
|
| 651 | 0 |
_aChina _xSocial conditions _y1949-1976. _977339 |
|
| 942 |
_2ddc _cBK |
||
| 999 |
_c25135 _d25135 |
||